| 000 | 00601nam a22001817a 4500 | ||
|---|---|---|---|
| 999 |
_c191843 _d191843 |
||
| 005 | 20220905164210.0 | ||
| 010 | _aENG-134923-24 | ||
| 020 | _c3000.00 | ||
| 035 | _aEN-118455-56 | ||
| 037 | _bDBAD/PUB | ||
| 082 | _a790.20954 | ||
| 245 |
_aRasa: _bThe Indian Performing Arts in the last Twenty-Five Years/ _cEdited by Bimal Mukherjee |
||
| 260 |
_aCalcutta _bAnamika Kala Sangam _c1995 |
||
| 270 |
_aGanga Jamuna Apartments, 3rd Floor, 28/1 Shakespeare Sarani _bCalcutta _e700017 |
||
| 300 |
_a344p. _c28cm(hb) |
||
| 700 | _aMukherjee, Bimal | ||
| 942 |
_2ddc _cEN _h790.20954 _mMUK |
||